000 00240nam a2200097Ia 4500
001 739094
005 20250826164006.0
008 250824s9999 xx 000 0 und d
245 0 _aBAŞARI OKULU
_cÖZGÜR GEZ
260 _bATLI KARINCA YAYINLARI
999 _c739094
_d739094